Hodnotenie jednotného auditu a spoliehanie sa Komisie na prácu vnútroštátnych orgánov v oblasti súdržnosti osobitná správa č. 16/2013

Salvato in:
Dettagli Bibliografici
Ente Autore: European Court of Auditors
Natura: Libro
Lingua:slovacco
Pubblicazione: Luxemburg Úrad pre vydávanie publikácií Európskej únie 2013
Soggetti:
Tags: Aggiungi Tag
Nessun Tag, puoi essere il primo ad aggiungerne!!

MARC

LEADER 00000nam$a2200000$$$4500
001 0183754
005 20240318125601.7
020 |a 978-92-9241-558-7 
022 |a 1831-0931 
041 0 |a slo 
044 |a LU 
245 1 0 |a Hodnotenie jednotného auditu a spoliehanie sa Komisie na prácu vnútroštátnych orgánov v oblasti súdržnosti  |b osobitná správa č. 16/2013 
264 1 |a Luxemburg  |b Úrad pre vydávanie publikácií Európskej únie  |c 2013 
300 |a 74 s. 
610 2 0 |a kontrola 
610 2 0 |a orgány štátne 
610 2 0 |a výdavky 
610 2 0 |a náklady 
610 2 0 |a audit 
610 2 0 |a Európska únia 
710 2 |a European Court of Auditors